01616nam a2200325 u 450000100070000000500170000700700100002400800410003403500110007504000130008604100080009908000090010708200080011610000420012424500820016626000430024830000130029152006510030460000610095565000280101665000260104465000200107065000260109065000230111665000490113970000400118870000420122850200120127052600080128293976020260506155606.0co|||||||050816e20050801 spa  a939760 ccomduadb aspa aT/CD 4a30610aRamírez Correa, Luz Doris4auteaut10aProstitucion femenina : entre el consumo de los sexos y la subversion erotica aMedellín :b[sin publicador],c2005. a1 CD-ROM3 aLa afirmacion de la prostitucion femenina como uno de los oficios mas antiguos del mundo, y la que se extiende cada vez con mas fuerza, acerca de la responsabilidad de estas mujeres en su hacer, son abordadas en este trabajo donde la permanencia historica no aparece como invariante y la responsabilidad subjetiva se desliga de la presuncion de culpabilidad. Esta practica sexual y social ha sido historicamente tratada por discursos religiosos, politicos, economicos, que no han ejercido sobre tal un poder estrictamente prohibitivo, sino que la ha nombrado e influido, para ponerla a funcionar a su favor, regularla, ocultarla, provocarla, etc.14aFreud, Sigmund,d1856-1939xCrítica e interpretación aProstitución femenina 7aSexualidad femenina2 aConducta sexual 7aPsicoanálisis2lemb 7aSubjetividad2lemb 7aMujeresxCuestiones sociales y morales2lemb10aSalazar Correa, Alejandro4auteaut10aCorrea Uribe, Jorge Enrique4thseths b105c12 a106